LIBRARY & INFORMATION CENTRE, KCAET, TAVANUR

ONLINE PUBLIC ACCESS CATALOGUE (OPAC)

Ergonomics of workshop design / (Record no. 10389)

MARC details
000 -LEADER
fixed length control field 00411cam a2200157ua 4500
020 ## - INTERNATIONAL STANDARD BOOK NUMBER
ISBN 0-408-12653-6
041 ## - LANGUAGE CODE
Language code of text/sound track or separate title eng
082 ## - DEWEY DECIMAL CLASSIFICATION NUMBER
Classification number 620.85
Item number KVA/ER
100 ## - MAIN ENTRY--AUTHOR NAME
Personal name Kvalseth, Tarold O .
245 ## - TITLE STATEMENT
Title Ergonomics of workshop design /
260 ## - PUBLICATION, DISTRIBUTION, ETC. (IMPRINT)
Place of publication London :
Name of publisher Butterworth Scientific ,
Year of publication 1983.
300 ## - PHYSICAL DESCRIPTION
Number of Pages 258 ; .
942 ## - ADDED ENTRY ELEMENTS (KOHA)
Koha item type Books
Holdings
Withdrawn status Lost status Damaged status Home library Current library Date acquired Full call number Accession Number Koha item type
      KAUAET KAUAET 27/03/1987 620.85 KVA/ER 16164 Books
free website counter